Top 100 All Time Scoring Leaders - Statistics

General Stats
  • This quiz has been taken 16 times
  • The average score is 59 of 100
Answer Stats
Points Scored Player % Correct
19202 Eddie Johnson
100%
25192 Jerry West
100%
20407 Joe Johnson
100%
40803 LeBron James
100%
17707 Magic Johnson
100%
32292 Michael Jordan
100%
25351 Russel Westbrook
100%
31560 Dirk Nowitzki
93%
17231 Jeff Malone
93%
18364 Julius Erving
93%
38387 Kareem Abdul-Jabbar
93%
36928 Karl Malone
93%
17539 Kyrie Irving
93%
21791 Larry Bird
93%
27409 Moses Malone
93%
18940 Scottie Pippen
93%
28596 Shaquille O'Neal
93%
23898 Stephen Curry
93%
26496 Tim Duncan
93%
19591 Clifford Robinson
87%
20790 David Robinson
87%
23165 Dwayne Wade
87%
26946 Hakeem Olajuwon
87%
29172 Kevin Durant
87%
33643 Kobe Bryant
87%
26397 Paul Pierce
87%
24368 Allen Iverson
80%
28289 Carmelo Anthony
80%
23757 Charles Barkley
80%
22448 Chris Paul
80%
19711 John Stockton
80%
26071 Kevin Garnett
80%
26710 Oscar Robertson
80%
24815 Patrick Ewing
80%
17387 Steve Nash
80%
19473 Tony Parker
80%
25728 Vince Carter
80%
31419 Wilt Chamberlain
80%
18116 Anthony Davis
73%
22195 Clyde Drexler
73%
18910 Giannis Antetokounmpo
73%
18822 Isiah Thomas
73%
26186 James Harden
73%
17529 Jason Kidd
73%
24505 Ray Allen
73%
19521 Walter Davis
73%
20880 Bob Pettit
67%
21429 Damian Lillard
67%
26668 Dominique Wilkins
67%
17335 Kevin McHale
67%
17772 Lenny Wilkins
67%
20894 Pau Gasol
67%
23334 Robert Parish
67%
18381 Tracy McGrady
67%
19485 Dwight Howard
60%
23149 Elgin Baylor
60%
26396 John Havlicek
60%
18149 Paul George
60%
25279 Reggie Miller
60%
25613 Alex English
53%
17911 Chris Mullin
53%
21813 Gary Payton
53%
23177 Adrian Dantley
47%
23857 DeMar DeRozan
47%
20708 George Gervin
47%
18395 Rick Barry
47%
27313 Elvin Hayes
40%
18336 Glen Rice
40%
20497 Mitch Richmond
40%
19655 Bernard King
33%
18787 Bob McAdoo
33%
20558 LaMarcus Aldridge
33%
20042 Antwan Jamison
27%
19248 Bob Lanier
27%
18831 Chet Walker
27%
19004 Dale Ellis
27%
18327 Dave Bing
27%
19181 Gail Goodrich
27%
18881 Jason Terry
27%
17642 Rudy Gay
27%
17700 Shawn Marion
27%
19460 Terry Cummings
27%
20049 Tom Chambers
27%
18438 Dolph Schayes
20%
17454 Earl Monroe
20%
19419 Jamal Crawford
20%
17253 Kevin Willis
20%
17599 Otis Thorpe
20%
19015 Reggie Theus
20%
17623 Rolando Blackman
20%
20941 Walt Bellamy
20%
17955 World B Free
20%
17949 Calvin Murphy
13%
21586 Hal Greer
13%
17287 Jack Sikma
13%
17306 Michael Finley
13%
18578 Zach Randolph
13%
17770 Bailey Howell
7%
17940 Lou Hudson
7%
18458 Mark Agguire
7%
No matching quizzes found
Score Distribution
Percent of People with Each Score
Percentile by Number Answered
Your Score History
You have not taken this quiz